University Physics / Extended Version with Modern Physics: 9th Edition (Record no. 1708)
[ view plain ]
| 000 -LEADER | |
|---|---|
| fixed length control field | 01478cam a22002174a 4500 |
| 005 - ΗΜΕΡΟΜΗΝΙΑ ΚΑΙ ΩΡΑ ΤΕΛΕΥΤΑΙΑΣ ΕΝΗΜΕΡΩΣΗΣ | |
| Πεδίο ελέγχου | 20250605164016.0 |
| 008 - FIXED-LENGTH DATA ELEMENTS--GENERAL INFORMATION | |
| Πεδίο ελέγχου σταθερού μήκους | 250528s ||||||||||||||||||||||||d |
| 035 ## - SYSTEM CONTROL NUMBER | |
| System control number | 16173 |
| 020 ## - ISBN | |
| ISBN | 201847698 |
| 040 ## - ΠΗΓΗ ΚΑΤΑΛΟΓΟΓΡΑΦΗΣΗΣ | |
| Φορέας πρωτότυπης καταλογογράφησης | MC Athens Campus Library |
| Γλώσσα καταλογογράφησης | Ελληνικά, Μοντέρνα (1453-) |
| Modifying agency | MC Athens Campus Library |
| Κανόνες περιγραφικής καταλογογράφησης | AACR2 |
| 245 1# - ΤΙΤΛΟΣ ΚΑΙ ΔΗΛΩΣΗ ΥΠΕΥΘΥΝΟΤΗΤΑΣ | |
| Τίτλος | University Physics / Extended Version with Modern Physics: 9th Edition |
| 250 ## - EDITION STATEMENT | |
| Edition statement | 9th |
| 260 ## - PUBLICATION, DISTRIBUTION, ETC. | |
| Name of publisher, distributor, etc. | Addison-Wesley Publishing Company, |
| Date of publication, distribution, etc. | 1996 |
| 300 ## - PHYSICAL DESCRIPTION | |
| Extent | 1484 |
| 520 ## - SUMMARY, ETC. | |
| Summary, etc. | This book has been carefully constructed to ensure your success in the course - if you read the book and make use of its features. Units and Physical Quantities and Vectors, Motion along a Straight Line, Motion in Two or Three Dimensions, Newton's Laws of Motion, Work with Kinetic Energy, Potential Energy and Energy Conservation, Rotation of Rigid Bodies, Dynamics of Rotational Motion, Equilibrium and Elasticity, Gravitation, Periodic Motion, Fluid Mechanics, Temperature and Heat, Thermal Properties of Matter, Mechanical Waves, Waves Interference and Normal Modes, Sound and Hearing, Gauss's Law, Electric Potential, Direct-Current Circuits, Sources of Magnetic Field, Electromagnetic Induction, Inductance, Alternating Current, Electromagnetic Waves, Geometric Optics, Optical Instruments, Interference, Diffraction, Relativity, Quantum Mechanics, Atomic Structure, Nuclear Physics, Appendices, Index. |
| 700 1# - ΠΡΟΣΘΕΤΗ ΑΝΑΓΡΑΦΗ--ΦΥΣΙΚΟ ΠΡΟΣΩΠΟ | |
| Personal name | Freedman Roger A |
| 9 (RLIN) | 2224 |
| 700 1# - ΠΡΟΣΘΕΤΗ ΑΝΑΓΡΑΦΗ--ΦΥΣΙΚΟ ΠΡΟΣΩΠΟ | |
| Personal name | Young Hugh D |
| 9 (RLIN) | 2225 |
| 942 ## - ADDED ENTRY ELEMENTS (KOHA) | |
| Koha item type | Books |
| Τύπος τεκμηρίου | Βιβλιοθήκη | Τρέχουσα τοποθεσία | Barcode | Αριθμός εισαγωγής | Ημερομηνία απόκτησης | Ταξιθετικό σύμβολο | Αριθμός αντιτύπου | Κατάσταση απόσυρσης | Κατάσταση χαμένου | Κατάσταση κατεστραμμένου | Μη δανεισμός | Σύνολο δανεισμών | Ημερομηνία τελευταίας εμφάνισης | Η τιμή ισχύει από |
|---|---|---|---|---|---|---|---|---|---|---|---|---|---|---|
| Books | MC Athens Campus Library | MC Athens Campus Library | 9780000017079 | 3260 | 05/06/2025 | 530 YOU | 2 | 05/06/2025 | 05/06/2025 |